Alcamo's fundamentals of microbiology / (Record no. 5554)

MARC details
000 -LEADER
fixed length control field 00639nam a22001937a 4500
003 - CONTROL NUMBER IDENTIFIER
control field OSt
005 - DATE AND TIME OF LATEST TRANSACTION
control field 20251106032242.0
008 - FIXED-LENGTH DATA ELEMENTS--GENERAL INFORMATION
fixed length control field 251106b |||||||| |||| 00| 0 eng d
020 ## - INTERNATIONAL STANDARD BOOK NUMBER
International Standard Book Number 978-0-7637-6359-9.
040 ## - CATALOGING SOURCE
Original cataloging agency DWCL-Admin lib
Transcribing agency OC
082 ## - DEWEY DECIMAL CLASSIFICATION NUMBER
Classification number Circ. 616.9041 P787a 2010
100 ## - MAIN ENTRY--PERSONAL NAME
Personal name Pommerville, Jeffrey C.
245 ## - TITLE STATEMENT
Title Alcamo's fundamentals of microbiology /
Statement of responsibility, etc. Jeffrey C. Pommerville
260 ## - PUBLICATION, DISTRIBUTION, ETC.
Place of publication, distribution, etc. Sudbury, MA :
Name of publisher, distributor, etc. Jones and Bartlett Pub. ,
Date of publication, distribution, etc. c 2010
300 ## - PHYSICAL DESCRIPTION
Extent xxix ( various paging) : ill. ;
Dimensions 24 cm.
504 ## - BIBLIOGRAPHY, ETC. NOTE
Bibliography, etc. note Includes index.
650 ## - SUBJECT ADDED ENTRY--TOPICAL TERM
Topical term or geographic name entry element 1. Medical microbiology
942 ## - ADDED ENTRY ELEMENTS (KOHA)
Source of classification or shelving scheme Dewey Decimal Classification
Koha item type Book Circulation
Edition Body Systems ed.
Call number prefix Circ.
Suppress in OPAC No
952 ## - LOCATION AND ITEM INFORMATION (KOHA)
--
Holdings
Withdrawn status Lost status Source of classification or shelving scheme Damaged status Not for loan Home library Current library Shelving location Date acquired Source of acquisition Cost, normal purchase price Total Checkouts Full call number Barcode Date last seen Copy number Price effective from Koha item type Uniform Resource Identifier
    Dewey Decimal Classification     College Library College Library Circulation 06/08/2011 School Fund 998.00   Circ. 616.9041 P787a 2010 48367 11/06/2025 c2 11/06/2025 BK-CIRC